Managing the national economy in challenging times:Enhancing delivery systems and mechanisms : (Record no. 3539)

000 -LEADER
fixed length control field nam a22 7a 4500
005 - DATE AND TIME OF LATEST TRANSACTION
control field 20170523105338.0
008 - FIXED-LENGTH DATA ELEMENTS--GENERAL INFORMATION
fixed length control field 170523b2003 my ||||| |||| 00| 0 eng d
040 ## - CATALOGING SOURCE
Original cataloging agency AKMAL
082 ## - DEWEY DECIMAL CLASSIFICATION NUMBER
Classification number 658.7209595 MAN
090 ## - LOCALLY ASSIGNED LC-TYPE CALL NUMBER (OCLC); LOCAL CALL NUMBER (RLIN)
Classification number (OCLC) (R) ; Classification number, CALL (RLIN) (NR) 658.7209595
Local cutter number (OCLC) ; Book number/undivided call number, CALL (RLIN) MAN
245 ## - TITLE STATEMENT
Title Managing the national economy in challenging times:Enhancing delivery systems and mechanisms :
Remainder of title Proceedings of the eighth national civil service conference /
Number of part/section of a work edited by Zulkarnain Hj. Awang and Muhamad Hamzah
260 ## - PUBLICATION, DISTRIBUTION, ETC.
Place of publication, distribution, etc. Malaysia :
Name of publisher, distributor, etc. National Institute of Public Administration (INTAN) and Administrative and Diplomatic Service Association (PPTD),
Date of publication, distribution, etc. 2003
300 ## - PHYSICAL DESCRIPTION
Extent 91p
Dimensions cm
942 ## - ADDED ENTRY ELEMENTS (KOHA)
Source of classification or shelving scheme
Koha item type Book
Holdings
Withdrawn status Lost status Source of classification or shelving scheme Damaged status Not for loan Collection code Home library Current library Shelving location Date acquired Inventory number Total Checkouts Full call number Barcode Date last seen Price effective from Koha item type
          NON-FICTION AKMAL Melaka AKMAL Melaka PINJAMAN 23.05.2017 602455   658.7209595 MAN 201704658 23.05.2017 23.05.2017 Book
Pusat Sumber Maklumat Dato' Haji Sarmin Md Hussin, Akademi Kastam Diraja Malaysia, Melaka
Tel: 06-2331106 | Faks: 06-2313787